Freguesias de Beja - Statistics

Estatísticas Gerais
  • Esse quiz foi jogado 6 vezes
  • A pontuação média é 8 de 12
Estatísticas das Respostas
Freguesias % Correto
Albernoa e Trindade
75%
Beringel
75%
Nossa Senhora das Neves
75%
Salvada e Quintos
75%
Santa Vitória e Mombeja
75%
São Matias
75%
Trigaches e São Brissos
75%
Baleizão
50%
Cabeça Gorda
50%
Salvador e Santa Maria da Feira
50%
Santiago Maior e São João Baptista
50%
Santa Clara do Louredo
25%
Nenhum quiz correspondente encontrado
Distribuição das Pontuações
Porcentagem de Pessoas com Cada Pontuação
Percentil de Números Respondidos
Sua Pontuação Histórica
Você não jogou esse quiz